Coastal access (Record no. 109918)
[ view plain ]
| 000 -LEADER | |
|---|---|
| fixed length control field | 01572cad a22002295a 4500 |
| 001 - CONTROL NUMBER | |
| control field | L148158 |
| 008 - FIXED-LENGTH DATA ELEMENTS--GENERAL INFORMATION | |
| fixed length control field | 090805s2009 xxkbdo f s 000 0 eng d |
| 035 ## - SYSTEM CONTROL NUMBER | |
| System control number | (Sirsi) u148158 |
| 041 0# - LANGUAGE CODE | |
| Language code of text/sound track or separate title | eng |
| 050 04 - LIBRARY OF CONGRESS CALL NUMBER | |
| Classification number | 711.558 $2 18 |
| 110 2# - MAIN ENTRY--CORPORATE NAME | |
| Corporate name or jurisdiction name as entry element | Natural England |
| 9 (RLIN) | 5071 |
| 245 00 - TITLE STATEMENT | |
| Title | Coastal access |
| Remainder of title | an audit of coastal paths in England: 2008-09 |
| Medium | [electronic resource] |
| 260 ## - PUBLICATION, DISTRIBUTION, ETC. | |
| Place of publication, distribution, etc. | Sheffield |
| Name of publisher, distributor, etc. | Natural England |
| Date of publication, distribution, etc. | 2009 |
| 505 2# - FORMATTED CONTENTS NOTE | |
| Formatted contents note | Background -- Summary of findings -- National data -- The regional picture: North West - North East - Yorkshire and the Humber - East Midlands - East of England - South East - South West -- Annex: 1. The audit process - 2. Limitations of the approach - 3. Existing satisfactory, legally secure paths: an explanation - 4. Glossary of terms |
| 520 ## - SUMMARY, ETC. | |
| Summary, etc. | Presents the results of Natural England's audit into existing access to England's coast in preparation of the Marine and Coastal Access Bill. Finds that there is no satisfactory or legally secure access to 34% of the English coastline. Shows that the South West has the most access to coasts with 76% of its coasts being fully accessible while the North West has only 56% of its coasts accessible. Suggests that 13% of rights of way could be lost to erosion in the next 20 years. |
| 521 ## - TARGET AUDIENCE NOTE | |
| Target audience note | Advanced |
| 590 ## - LOCAL NOTE (RLIN) | |
| Local note | KA |
| 651 #4 - SUBJECT ADDED ENTRY--GEOGRAPHIC NAME | |
| Geographic name | England |
| Chronological subdivision | 886- |
| 690 ## - LOCAL SUBJECT ADDED ENTRY--TOPICAL TERM (OCLC, RLIN) | |
| Topical term or geographic name as entry element | Planning and development |
| 9 (RLIN) | 6259 |
| 856 40 - ELECTRONIC LOCATION AND ACCESS | |
| Uniform Resource Identifier | <a href="https://www.naturalengland.org.uk/ourwork/enjoying/places/coastalaccess/englandscoastpath/default.aspx">https://www.naturalengland.org.uk/ourwork/enjoying/places/coastalaccess/englandscoastpath/default.aspx</a> |
| Public note | View the audit free of charge at www.naturalengland.org.uk... |
| 942 ## - ADDED ENTRY ELEMENTS (KOHA) | |
| Suppress in OPAC | 0 |
| Withdrawn status | Lost status | Source of classification or shelving scheme | Damaged status | Not for loan | Home library | Current library | Shelving location | Date acquired | Total Checkouts | Full call number | Barcode | Date last seen | Copy number | Price effective from | Koha item type |
|---|---|---|---|---|---|---|---|---|---|---|---|---|---|---|---|
| Dewey Decimal Classification | Virtual | Virtual | Online | 05/08/2009 | ONLINE PUBLICATION | 148158-1001 | 06/08/2019 | 1 | 06/08/2019 | Book |